Pick a Fish Dish Quiz Stats

 Plays Quiz Updated May 3, 2019

Score 0/16 Timer 05:00
4 Plays Today
% Correct
Fish and chips
96%
Caviar
95.3%
Herring rollmop
87.7%
Seared tuna sashimi
84.6%
Stargazy pie
80.6%
Salad Nicoise
78.4%
Bouillabaisse
75.4%
Fisherman's pie
72.2%
% Correct
Salmon nigiri
70.9%
Paling in 't groen
66.9%
Ceviche
65.5%
Gravlax
65%
Lutefisk
57.9%
Kedgeree
53.8%
Bacalhau à brás
46.6%
Cullen skink
44.5%

You're not logged in!

Compare scores with friends on all Sporcle quizzes.
OR
Log In

Sporcle TV

Today on Sporcle TV


Watch our educational content, quiz creation guides, and fun videos on Sporcle TV.

Show Comments

Extras

Top Quizzes Today


Score Distribution

Your Account Isn't Verified!

In order to create a playlist on Sporcle, you need to verify the email address you used during registration. Go to your Sporcle Settings to finish the process.

Report this User

Report this user for behavior that violates our Community Guidelines.

Details: